000 00306nam a22001337a 4500
008 181029b xxu||||| |||| 00| 0 eng d
020 _a9780895773241
041 _aeng
080 _a941
100 _a17
101 _aHIS
245 _aIllustrated History of South Africa
_cBarker, B.J
942 _2udc
_cBK
999 _c51048
_d51048